Inderbir Singh's Textbook of Human Neuroanatomy: (Record no. 5892)
[ view plain ]
| 000 -LEADER | |
|---|---|
| fixed length control field | 00609nam a22002057a 4500 |
| 003 - CONTROL NUMBER IDENTIFIER | |
| control field | OSt |
| 005 - DATE AND TIME OF LATEST TRANSACTION | |
| control field | 20171128195623.0 |
| 008 - FIXED-LENGTH DATA ELEMENTS--GENERAL INFORMATION | |
| fixed length control field | 171128b xxu||||| |||| 00| 0 eng d |
| 020 ## - INTERNATIONAL STANDARD BOOK NUMBER | |
| International Standard Book Number | 9789350905296 |
| 040 ## - CATALOGING SOURCE | |
| Transcribing agency | DNLM |
| 050 ## - LIBRARY OF CONGRESS CALL NUMBER | |
| Item number | WL101 I2b 2014 |
| 100 ## - MAIN ENTRY--PERSONAL NAME | |
| Personal name | Bhuiyan, Pritha S.; Rajgopal, Laksmi |
| 9 (RLIN) | 12267 |
| 245 ## - TITLE STATEMENT | |
| Title | Inderbir Singh's Textbook of Human Neuroanatomy: |
| Remainder of title | fundamental and clinical |
| 250 ## - EDITION STATEMENT | |
| Edition statement | 9th ed. |
| 260 ## - PUBLICATION, DISTRIBUTION, ETC. (IMPRINT) | |
| Place of publication, distribution, etc. | New Delhi; Jaypee Brother, 2014 |
| 300 ## - PHYSICAL DESCRIPTION | |
| Extent | xiii,286p; col.ill: 28cm |
| 504 ## - BIBLIOGRAPHY, ETC. NOTE | |
| Bibliography, etc | Glossary, eponyms, & index included |
| 650 ## - SUBJECT ADDED ENTRY--TOPICAL TERM | |
| Topical term or geographic name as entry element | Neuroanatomy |
| 9 (RLIN) | 417 |
| 942 ## - ADDED ENTRY ELEMENTS (KOHA) | |
| Source of classification or shelving scheme | Other/Generic Classification Scheme |
| Koha item type | Book Bank |
| Withdrawn status | Lost status | Source of classification or shelving scheme | Damaged status | Not for loan | Home library | Current library | Date acquired | Source of acquisition | Inventory number | Total Checkouts | Full call number | Barcode | Date last seen | Koha item type |
|---|---|---|---|---|---|---|---|---|---|---|---|---|---|---|
| Other/Generic Classification Scheme | MUST Main Library | MUST Main Library | 28/11/2017 | 17/40275 | WL101 I2B 2014 | 2017-0928 | 28/11/2017 | Book Bank | ||||||
| Other/Generic Classification Scheme | MUST Main Library | MUST Main Library | 28/11/2017 | 17/40276 | WL101 I2B 2014 | 2017-0929 | 28/11/2017 | Book Bank |
